Circuit du WEC - Statistiques

Statistiques générales
  • Ce quiz a été pris 242 fois
  • Le résultat moyen est 6 sur 8
Statistiques - réponses
Par images Réponse % Correct
SPA
98%
Le Mans
93%
Lone Star Le Mans
93%
Imola
85%
Fuji
65%
Interlagos
64%
Lusail
36%
Sakhir
31%
Aucun quiz correspondant
Distribution des résultats
% des personnes avec chaque résultat
Percentile par nombre de réponses
Votre historique - résultats
Vous n’avez pas pris ce quiz